El estado de la sociedad industrial (Record no. 64858)

MARC details
000 -LEADER
campo de control de longitud fija 00804nam a2200229 i 4500
001 - NÚMERO DE CONTROL
campo de control 64858
003 - IDENTIFICADOR DE NÚMERO DE CONTROL
campo de control ES-MaACL
005 - FECHA Y HORA DE LA ÚLTIMA TRANSACCIÓN
campo de control 20230906165231.0
007 - CAMPO FIJO DE DESCRIPCIÓN FÍSICA--INFORMACIÓN GENERAL
campo de control de longitud fija t|
008 - DATOS DE LONGITUD FIJA--INFORMACIÓN GENERAL
campo de control de longitud fija 040107s1975 sp ||||1| spa d
100 1# - ENTRADA PRINCIPAL--NOMBRE DE PERSONA
Nombre de persona Forsthoff, Ernst.
9 (RLIN) 51828
245 13 - MENCIÓN DEL TÍTULO
Título El estado de la sociedad industrial
Resto del título : (el modelo de la República Federal de Alemania) /
Mención de responsabilidad, etc. Ernst Forsth ; traducción de Luis López Guerra y Jaime Nicolás Muñiz.
260 ## - PUBLICACIÓN, DISTRIBUCIÓN, ETC.
Lugar de publicación, distribución, etc. Madrid :
Nombre del editor, distribuidor, etc. Instituto de Estudios Políticos,
Fecha de publicación, distribución, etc. 1975.
300 ## - DESCRIPCIÓN FÍSICA
Extensión 291 p. ;
Dimensiones 19 cm.
490 1# - MENCIÓN DE SERIE
Mención de serie Colección civitas
700 1# - ENTRADA AGREGADA--NOMBRE PERSONAL
Nombre de persona López Guerra, Luis.
9 (RLIN) 73690
700 1# - ENTRADA AGREGADA--NOMBRE PERSONAL
Nombre de persona Nicolas Muñiz, Jaime.
9 (RLIN) 85575
830 0# - PUNTO DE ACCESO ADICIONAL DE SERIE-TÍTULO UNIFORME
Título uniforme Colección civitas
9 (RLIN) 181171
852 ## - LOCALIZACIÓN
Ubicación ES-MaACL
Número de control de estantería A-5691
Sublocalización o colección R.94570
852 ## - LOCALIZACIÓN
Ubicación ES-MaACL
Número de control de estantería A-9658
Sublocalización o colección R.103442
Holdings
Estatus retirado Estado de pérdida Estado de daño No para préstamo Biblioteca de origen Biblioteca actual Ubicación en estantería Fecha de adquisición Fuente de adquisición Total de préstamos Signatura topográfica completa Código de barras Visto por última vez Precio de reemplazo Tipo de ítem Koha
        Biblioteca del Ateneo de Madrid Biblioteca del Ateneo de Madrid Depósito 1 17/01/2008     A-9658 1067960 23/02/2023 23/02/2023 Libro impreso
        Biblioteca del Ateneo de Madrid Biblioteca del Ateneo de Madrid Sala Pecera Planta 1 17/01/2008     A-5691 1067959 23/02/2023 23/02/2023 Libro impreso